Prehľad peňažných tokov ako nástroj riadenia likvidity a solventnosti a jeho využitie v riadiacej činnosti účtovnej jednotky diplomová práca

Na minha lista:
Detalhes bibliográficos
Autor principal: Brindzová, Hana
Autor Corporativo: Fakulta hospodárskej informatiky EU. Katedra účtovníctva a audítorstva
Outros Autores: Sklenka, Miloš
Formato: Livro
Idioma:eslovaco
Publicado em: Bratislava 2011
Tags: Adicionar Tag
Sem tags, seja o primeiro a adicionar uma tag!

MARC

LEADER 00000nbm a2200000 4500
001 0132127
005 20161109101749.7
041 0 |a slo 
044 |a SK 
245 1 0 |a Prehľad peňažných tokov ako nástroj riadenia likvidity a solventnosti a jeho využitie v riadiacej činnosti účtovnej jednotky  |b diplomová práca  |c Hana Brindzová ; školiteľ: Miloš Sklenka 
264 1 |a Bratislava  |c 2011 
300 |a 72 s. 
100 1 |a Brindzová, Hana 
700 1 |a Sklenka, Miloš 
710 2 |a Fakulta hospodárskej informatiky EU. Katedra účtovníctva a audítorstva